| 000 | 00470nam a2200169 a 4500 | ||
|---|---|---|---|
| 001 | 2537 | ||
| 005 | 20140414131932.0 | ||
| 008 | 050602s19uu xx 00 eng d | ||
| 020 | _a1-55280-164-0 | ||
| 050 |
_aREF 031.02 _bP22 1996 |
||
| 100 | _aParker, Steve | ||
| 245 |
_aThe crazy world of what if . . . / _cSteve Parker. |
||
| 260 |
_aBrookfield, Connecticut : _bCooper Beech Books, _c1996. |
||
| 300 | _a176 p. : ill. ; cm. | ||
| 650 | _aFacts. | ||
| 999 |
_c112248 _d112248 |
||